[Event "Speed Chess Championship 2020"]
[Site "Online"]
[Date "2020.11.15"]
[Round "1.26"]
[White "Caruana, Fabiano"]
[Black "Duda, Jan-Krzysztof"]
[Result "0-1"]
[WhiteElo "2823"]
[BlackElo "2743"]
[Annotator "TA"]
[PlyCount "80"]
[EventDate "2020.10.31"]
[EventType "k.o."]
[EventCountry "NET"]
[SourceTitle "playchess.com"]
[Source "ChessBase"]
[SourceQuality "1"]

{[%evp 13,79,-5,10,0,18,5,7,-23,-23,-23,-23,-23,-22,-16,-14,-32,0,-21,0,-28,-18,-37,0,-19,11,0,0,0,21,-27,0,0,16,-61,-44,-137,-133,-190,-200,-200,-8,-8,-8,-276,-104,-99,-52,-58,0,0,0,-216,-198,-384,-379,-340,-266,-274,-280,-327,-303,-2064,-2140,-1940,-1721,-29998,-29999,-29999]} 1. e4 c5 2. Nf3 d6 3. d4 cxd4 4. Nxd4 Nf6 5. Nc3 a6 6. Rg1 e5 7. Nb3 Be6 8. g4 {B90: Sicilian Najdorf: Unusual White 6th moves, 6 Be3 Ng4 and 6 Be3 e5.} d5 9. exd5 {The main line 9.exd5 scores better than 9.g5.} Nxd5 10. Bg2 {[%cal Rc3d5] The position is equal.} (10. Nxd5 {is more complex.} Qxd5 11. Qxd5 Bxd5 12. Be3 Nc6 13. O-O-O) 10... Nxc3 {[%csl Gc3][%cal Rd8d1]} 11. Qxd8+ Kxd8 12. bxc3 Nc6 13. Be3 Kc7 {[#]} 14. Rb1 $146 ({Predecessor:} 14. Be4 Rd8 15. Rb1 b5 16. f3 h5 17. g5 Rd7 18. Kf2 Be7 19. a4 Rb8 20. axb5 axb5 {0-1 (39) Barbero Sendic,A (2335)-Burg,T (2474) Catalunya 2012}) 14... Rc8 15. Be4 Be7 16. Ke2 b5 17. g5 Rcd8 18. h4 Bd5 19. Kf3 Bxe4+ 20. Kxe4 Rd7 21. Nd2 Rhd8 22. Nf3 Re8 23. h5 (23. c4 $11) 23... Na5 $1 $15 24. a4 ({Wrong is} 24. Nxe5 $2 Bd6 $19) (24. g6 $15 hxg6 25. hxg6) 24... Nc4 $17 25. Nh4 (25. Rbd1 $17 {was called for.}) 25... bxa4 $19 26. Nf5 g6 $2 (26... Bf8 $1 $19 {And now ...a3 would win.} 27. Kf3 Nd2+ 28. Bxd2 Rxd2) 27. hxg6 $11 hxg6 28. Nh6 $2 {[%mdl 8192]} (28. Nxe7 $11 Rexe7 29. Rb4 Nd2+ 30. Bxd2 Rxd2 {[%mdl 64] Double Attack} 31. Rxa4) 28... Ba3 $2 (28... Kc6 $19 {is more deadly. aiming for ...Rd5.} 29. Rgd1 Rxd1 30. Rxd1 Nd6+ 31. Kf3 e4+ 32. Ke2 a3) 29. Ra1 $17 Rb8 30. Ng4 $1 Rb2 (30... a5 $15) 31. Nf6 $11 Rd8 $36 {[%mdl 2048] Black is more active.} ({Don't blunder} 31... Rxc2 $2 32. Nxd7 Bb2 33. Nxe5 $18) 32. Rh1 $2 (32. Bc1 $11 {and White has nothing to worry.} Rxc2 {[%mdl 64] Double Attack} 33. Bxa3 Nd2+ 34. Kxe5 Nf3+ {[%mdl 64] Double Attack, Discovered Attack} 35. Ke4 Nxg1 36. Rxg1) 32... Rxc2 $19 33. Rh7 $2 (33. Nd5+ {is a better defense.} Kc6 34. Rhd1) 33... Kc6 34. Rxf7 Nd6+ 35. Kd3 {[#]} Rb2 $1 ({Weaker is} 35... Nxf7+ 36. Kxc2 Bc5 37. Bxc5 $11) 36. Rh7 Nb5+ 37. Kc4 $2 (37. Ke4 Rd1 {[%mdl 64] Decoy} 38. Rxd1 Nxc3+ {[%mdl 64] Double Attack} 39. Kd3 Nxd1 40. Ra7) 37... Rb3 {[%csl Gb5][%cal Rb3c3]} 38. Ne4 {[#]} Rd5 $1 {( -> ...Rxc3+!)} 39. Rf7 {[#]} Rxc3+ $1 {[%mdl 576] Deflection} 40. Nxc3 Nd6# {Weighted Error Value: White=0.72/Black=0.27} 0-1

[Event "Speed Chess Championship 2020"]
[Site "Online"]
[Date "2020.11.16"]
[Round "1.26"]
[White "Giri, Anish"]
[Black "Artemiev, Vladislav"]
[Result "1-0"]
[WhiteElo "2764"]
[BlackElo "2708"]
[Annotator "TA"]
[PlyCount "73"]
[EventDate "2020.10.31"]
[EventType "k.o."]
[EventCountry "NET"]
[SourceTitle "playchess.com"]
[Source "ChessBase"]
[SourceQuality "1"]

{[%evp 9,73,35,33,31,51,32,31,29,44,14,10,10,20,10,21,19,9,19,14,18,14,0,0,0,0,0,0,0,0,0,0,0,9,0,13,0,18,2,10,29,167,166,207,207,200,208,208,208,208,195,188,209,212,0,0,-96,-36,-468,0,0,179,101,872,845,29982,29982]} 1. e4 c5 2. Nf3 a6 3. c3 d5 4. exd5 Qxd5 5. d4 Bg4 6. Be2 {B28: Sicilian: 2 Nf3 a6 (O'Kelly Variation).} e6 7. O-O Nf6 8. h3 {White is slightly better.} Bh5 9. Be3 Nbd7 10. c4 Qd6 11. Nc3 cxd4 12. Nxd4 Bxe2 13. Qxe2 Be7 14. Rad1 {White wants to play Nf5!} Qc7 {[#]} 15. b3 $146 ({Predecessor:} 15. f4 O-O 16. g4 g6 17. f5 Qg3+ 18. Kh1 Qxh3+ 19. Kg1 Nxg4 20. Rf3 Qh4 21. fxe6 {0-1 (28) Corentin,L (1737)-Le Meur,J (1942) Rennes 2009}) 15... O-O 16. Rc1 Rfd8 17. Rfd1 h6 18. Nf3 Ba3 19. Rc2 Bb4 20. Bd2 Qa5 21. Ne4 Nxe4 22. Qxe4 Nc5 23. Qe2 Bxd2 24. Rcxd2 Qc7 {[#]} (24... Rxd2 $11 25. Rxd2 Re8) 25. Qe5 $1 $18 {[%cal Re5c7]} Rxd2 26. Qxc7 ({And not} 26. Rxd2 Qxe5 27. Nxe5 Rc8 $11) 26... Rxd1+ 27. Kh2 Nd3 28. Qxb7 Rf8 29. b4 ({Much less strong is} 29. Qxa6 $6 Nxf2 30. Qc6 Rh1+ 31. Kg3 Nd1 $16) 29... Nxf2 30. c5 ({Don't take} 30. Qxa6 $6 Rh1+ 31. Kg3 Ne4+ 32. Kf4 Nf6 $16) 30... f5 31. Kg3 $2 (31. Qxa6 $18 Re8 32. Ng1) 31... Ne4+ $11 32. Kf4 {[#]} (32. Kh2 $11 Nf2 33. Qxa6) 32... g5+ $1 $17 33. Ke5 $2 {[%mdl 8192]} (33. Ke3 $15) 33... Rf6 $2 (33... Rd5+ $19 34. Qxd5 exd5) 34. Nd4 $11 {Black must now prevent Qc8+.} Rf7 $2 (34... Re1 $1 $11 {and Black stays safe.} 35. Qc6 Kf7 36. Qd7+ Kg6 37. Qe8+ Kg7) 35. Qc8+ (35. Qxa6 $18 {aiming for Qa4.} Nf6 36. c6) 35... Kh7 $2 {[%mdl 8192]} (35... Kg7 $16) 36. Qxe6 $18 {[%mdl 64] Double Attack} Kg8 37. Nxf5 {Weighted Error Value: White=0.47/Black=0.60} 1-0

[Event "Speed Chess Championship 2020"]
[Site "Online"]
[Date "2020.11.04"]
[Round "1.26"]
[White "Fedoseev, Vladimir"]
[Black "Firouzja, Alireza"]
[Result "1/2-1/2"]
[WhiteElo "2676"]
[BlackElo "2749"]
[Annotator "TA"]
[PlyCount "124"]
[EventDate "2020.10.31"]
[EventType "k.o."]
[SourceTitle "playchess.com"]
[Source "ChessBase"]
[SourceQuality "1"]

{[%evp 11,124,19,16,0,0,-8,0,0,14,0,0,0,0,0,0,0,0,0,0,-8,-12,-9,0,-3,6,12,14,3,24,0,12,11,11,0,72,0,0,-27,33,41,65,31,56,-69,-30,-139,55,60,111,-17,-4,-59,-58,-70,-45,-50,-38,-135,-109,-123,-121,-120,-118,-115,-72,-122,-108,-128,-118,-122,-127,-126,-118,-115,-107,-115,33,48,137,23,33,33,50,33,33,14,14,18,18,0,0,-3,0,0,18,0,0,0,0,0,0,0,0,0,0,0,0,0,0,0,0,-28000,-28000,-28000,-28000]} 1. e4 c6 2. d4 d5 3. exd5 cxd5 4. Bd3 Nf6 5. c3 Bg4 6. Qb3 Qc7 7. Bg5 {B13: Caro-Kann: Exchange Variation and Panov-Botvinnik Attack.} (7. h3 {keeps more tension.} Bd7 8. Nf3 e6 9. O-O Bd6 10. Ne5) 7... e6 8. Nd2 $1 Bd6 9. Ngf3 {The position is equal.} Nbd7 10. Bh4 O-O 11. O-O {[#]} Rab8 $146 ({Predecessor:} 11... Rfc8 12. Rfe1 a6 13. Bg3 Bxg3 14. hxg3 Rab8 15. Ne5 Nxe5 16. Rxe5 Bh5 17. Nf3 Bxf3 18. gxf3 {½-½ (33) Eggerud,F (1416)-Fossan,A (1289) Lillehammer 2013}) 12. a4 Bh5 13. Rfe1 Bg6 14. Qc2 Rfe8 15. Bg3 Bxg3 16. hxg3 a6 17. a5 Rbc8 18. Bxg6 hxg6 19. Qd3 Ng4 20. Re2 Nb8 21. Nb3 Nc6 22. Ng5 Rcd8 (22... e5 $11 {keeps the balance.}) 23. Qf3 (23. f4 $1 $16) 23... Nf6 $11 24. Qd3 Re7 (24... e5 $11) 25. f4 $14 Ree8 26. Kf2 Ne7 27. Kf3 (27. Qf3 $14) 27... Nf5 28. Nc5 (28. g4 $1 $11 Nh6 29. Nc5) 28... Qc6 $2 ({Better is} 28... Nh5 $17 29. Kf2 Nhxg3) 29. g4 Nh6 ({Black should try} 29... Nd6 $1 $14) 30. Rh1 ({White must play} 30. Ngxe6 $1 $16 fxe6 31. g5 {[%mdl 64] Double Attack}) 30... Nfxg4 31. g3 {[#]} (31. Ncxe6 $11 Rc8 32. Rhe1) 31... e5 $1 $36 {[%mdl 2560] Black has good play.} 32. fxe5 (32. dxe5 Qxc5) 32... Nxe5+ (32... f6 {is interesting.} 33. Nge6 Rxe6 34. Nxe6 Qxe6 35. Qxg6 Re8) 33. dxe5 {Threatens to win with e6.} Qxc5 34. Qd4 (34. e6 $15 d4 35. Rxh6 $1 {[%mdl 512]} Qxg5 36. exf7+ Kxf7 37. Rxe8 Qf6+ 38. Kg2 Rxe8 39. Rh4 Qc6+ 40. Kf2) 34... Qxd4 35. cxd4 Rc8 36. g4 Rc4 37. Rd2 Rec8 38. Nh3 Rb4 $1 39. Nf4 Rb3+ 40. Ke2 Rd8 41. Rg1 g5 42. Nd3 {[#]} Rb5 $1 43. b4 {[#]} g6 ({Black should play} 43... Rc8 $1 $17 44. Kf2 Rc4) 44. Rc2 $14 Rd7 (44... b6 $14) 45. Ke3 (45. Rh1 $16 Kg7 46. Kf3) 45... Kg7 46. Rc5 Re7 47. Rxb5 axb5 {[%mdl 4096] Endgame KRN-KRN} 48. Kf3 f6 49. exf6+ Kxf6 {Black wants to play ...Re4.} 50. Nc5 Nf7 51. Rh1 Kg7 52. Ra1 Nd6 53. a6 {Hoping for a7.} bxa6 54. Rxa6 Ne4 (54... Nc4 {looks sharper.} 55. Ne6+ Kh6 56. Kg3 Ne3 57. Nf8 Kg7) 55. Nxe4 Rxe4 $11 {KR-KR} 56. Rb6 Rxd4 {And now ...Rf4+ would win.} 57. Rxb5 Kf6 58. Rb6+ Ke5 59. Rxg6 Rf4+ 60. Kg3 $2 {[%mdl 8192]} (60. Ke2 $11) 60... Rxb4 61. Rxg5+ Kf6 62. Rxd5 Rb1 {[%mdl 32768] Av CentiPawn Loss W=-54/B=482. Weighted=-43/316. An unexpected result.} 1/2-1/2

[Event "Speed Chess Championship 2020"]
[Site "Online"]
[Date "2020.11.04"]
[Round "1.26"]
[White "Maghsoodloo, Parham"]
[Black "Carlsen, Magnus"]
[Result "0-1"]
[WhiteElo "2676"]
[BlackElo "2862"]
[Annotator "TA"]
[PlyCount "100"]
[EventDate "2020.10.31"]
[EventType "k.o."]
[SourceTitle "playchess.com"]
[Source "ChessBase"]
[SourceQuality "1"]

{[%evp 9,100,-42,0,0,26,-11,-24,-68,-68,-68,-68,-83,-84,-183,-167,-235,-225,-230,-235,-229,-240,-238,-243,-343,-334,-491,-516,-568,-461,-585,-351,-347,-322,-310,-189,-178,-182,-184,-177,-254,-256,-279,-264,-322,-320,-383,-369,-368,-348,-653,-674,-648,-647,-739,-556,-558,-549,-533,-496,-589,-563,-575,-568,-562,-543,-629,0,-745,0,-872,-873,-871,-850,-814,-792,-846,-825,-691,-567,-1240,-1230,-1269,-1296,-1373,-1253,-2202,-2144,-6287,-5627,-5735,-5275,-29987,-29988]} 1. b3 e5 2. Bb2 Nc6 3. g3 d5 4. Bg2 Be6 5. c4 {[#]} dxc4 $146 ({Predecessor:} 5... Bc5 6. Nf3 f6 7. d3 Qd7 8. O-O O-O-O 9. a3 dxc4 10. bxc4 Bh3 11. Nc3 Bxg2 12. Kxg2 {0-1 (33) Miroshkin,S-Gvozdev,M (1722) Dzerzhinsk 2015}) 6. bxc4 {A01: Nimzowitsch-Larsen Opening.} Bxc4 7. Qa4 (7. Bxc6+ $5 bxc6 8. Qc2 $11) 7... Bd5 8. Bxd5 {Black has an edge.} Qxd5 9. Nf3 f6 10. Nc3 Qd7 11. Kd1 (11. O-O $17 {might work better.}) 11... Bc5 $19 12. e3 (12. Ke1 $142) 12... Nge7 13. Ke2 O-O-O 14. Qc4 Bb6 15. Rhd1 Kb8 16. a4 (16. Na4 $142) 16... Na5 17. Qb5 (17. Qh4 {keeps fighting.}) 17... Qg4 18. Ba3 e4 {[%mdl 64] [#] Pin} 19. Bxe7 {Threatening Nxe4!} c6 20. Qb4 exf3+ ({Weaker is} 20... Qxf3+ 21. Kf1 $17) 21. Ke1 Qxb4 22. Bxb4 c5 23. Bxa5 Bxa5 24. Ne4 (24. Rdc1 {was called for.}) 24... b6 25. Rac1 Rd3 26. g4 Rhd8 27. h4 Kc7 28. h5 Kc6 29. Kf1 $2 (29. Rc2) 29... Bxd2 30. Rb1 Bb4 31. Rdc1 h6 32. Kg1 R8d7 33. Kh2 {Hoping for Rxb4.} a5 34. Kg3 Ra3 35. Kxf3 Rxa4 36. Ng3 Ra2 37. Nf5 a4 $2 ({Better is} 37... b5 $19 {And now ...c4 would win.} 38. Rd1 Bd2) 38. Kg3 $2 {[%mdl 8192]} (38. Rxb4 $11 Rdd2 39. Rbb1) 38... a3 $2 (38... Bd2 $19 39. Rc4 b5) 39. f4 $2 {[%mdl 8192]} (39. Rxb4 $11 Rb2 40. Ra4) 39... Kb5 40. Kf3 Rb2 41. Ra1 c4 42. Nd4+ {[#]} Rxd4 $1 43. exd4 {[%mdl 4096] Endgame KRR-KRB} c3 44. Ke3 Kc4 45. Rd1 b5 46. d5 Bc5+ 47. Ke4 Rd2 48. Rxd2 cxd2 49. Rd1 a2 50. Rxd2 a1=Q {White did not feel at home in the position after the opening. Av CentiPawn Loss W=-154/B=-80. Weighted=-206/-76} 0-1

[Event "Speed Chess Championship 2020"]
[Site "Online"]
[Date "2020.11.08"]
[Round "1.26"]
[White "Abdusattorov, Nodirbek"]
[Black "So, Wesley"]
[Result "0-1"]
[WhiteElo "2662"]
[BlackElo "2816"]
[Annotator "TA"]
[PlyCount "68"]
[EventDate "2020.10.31"]
[EventType "k.o."]
[SourceTitle "playchess.com"]
[Source "ChessBase"]
[SourceQuality "1"]

{[%evp 9,68,-1,0,0,0,0,0,0,0,-9,-11,-14,0,-9,-14,-16,-25,-18,-18,-20,0,-34,0,-12,-10,0,0,-12,29,0,43,45,54,58,67,47,74,66,53,-30,7,-172,-25,-119,-69,-48,-46,-105,-105,-112,-120,-243,-156,-791,-737,-29995,-29996,-29997,-1643,-29998,-29999]} 1. e4 e5 2. Nf3 Nc6 3. Bb5 Nf6 4. d3 Bc5 5. Be3 Bxe3 6. fxe3 {C65: Ruy Lopez: Berlin Defence (3...Nf6), unusual lines and 4 0-0 Bc5.} Ne7 7. Ba4 Ng6 8. Bb3 {The position is equal.} O-O 9. Nc3 d6 10. O-O c6 11. Qe1 Be6 {[#]} 12. Ng5 $146 ({Predecessor:} 12. Kh1 Bxb3 13. axb3 d5 14. Qg3 dxe4 15. dxe4 Qe7 16. Ng5 h6 17. Nf3 Rfd8 18. Nh4 Nh5 19. Qf3 Qxh4 20. Qxf7+ Kh7 {0-1 (20) Cuartas,J (2496)-Granados Gomez,M (2417) Montcada 2008}) 12... Bxb3 13. axb3 h6 14. Nf3 d5 15. Nd2 dxe4 16. Ndxe4 Nxe4 17. Nxe4 f5 18. Nd2 Qg5 19. Nf3 Qh5 20. Qb4 Rf7 21. Qc5 Re8 22. Rxa7 e4 23. dxe4 Rxe4 24. Nd4 (24. h3 $14) 24... Nh4 {Strongly threatening ...Qg5!} 25. Qc4 $2 (25. Ra8+ $11 Kh7 26. Nf3) 25... Kh7 ({Black should play} 25... Qg5 $19 {[%csl Gh4][%cal Rg5g2]} 26. Rf2 Qxe3 27. Rxb7 {[#]} Rg4 $3 {[%mdl 512]} 28. Qxf7+ {[%mdl 64] Double Attack} Kh7 29. Qxf5+ (29. Kf1 {gets mated.} Qc1+ {[%mdl 64] Double Attack} 30. Ke2 Re4+ 31. Kd3 Qe3+ {[%mdl 64] Double Attack} 32. Kc4 Qxd4#) 29... Nxf5 30. Nxf5 Qc1+ {[%mdl 64] Double Attack} 31. Rf1 Qxc2) 26. Qe2 (26. g3 $11 {keeps the balance.} Rxe3 27. gxh4 Qg4+ 28. Kh1 Qe4+ 29. Kg1 Qg4+ 30. Kh1 Qe4+ 31. Kg1 Qg4+) 26... Qxe2 $40 {[%mdl 128] Black is up to no good.} 27. Nxe2 Rxe3 28. Kf2 (28. Nf4 $15) 28... f4 $17 29. Ra4 g5 30. Nd4 (30. Nc3 $17 {might work better.}) 30... c5 31. Nb5 $2 (31. Nf3 $17) 31... Rd7 $19 {( -> ...Rd2+)} 32. Nc3 Rd2+ {[%mdl 64] Double Attack} 33. Kg1 Rxg2+ 34. Kh1 {[#]} Rh3 $1 {Av CentiPawn Loss W=-117/B=-18. Weighted=-143/-26} 0-1

[Event "Speed Chess Championship 2020"]
[Site "Online"]
[Date "2020.11.12"]
[Round "1.26"]
[White "Martirosyan, Haik M."]
[Black "Nakamura, Hikaru"]
[Result "0-1"]
[WhiteElo "2622"]
[BlackElo "2736"]
[Annotator "TA"]
[PlyCount "60"]
[EventDate "2020.10.31"]
[EventType "k.o."]
[SourceTitle "playchess.com"]
[Source "ChessBase"]
[SourceQuality "1"]

{[%evp 11,60,35,52,28,15,9,52,56,59,10,25,4,14,0,0,0,0,0,7,-27,-24,-23,-23,-63,-62,-88,-54,-68,0,-146,-102,-214,-214,-218,-183,-276,-277,-270,-266,-563,-556,-434,-523,-1039,-1029,-1002,-974,-29988,-29989,-29990,-29991]} 1. d4 g6 2. Nf3 Bg7 3. c4 d6 4. Nc3 Nc6 5. e3 Nf6 6. Be2 O-O 7. d5 {E61: King's Indian: Early deviations for White, including Smyslov System.} Nb8 8. O-O e5 9. e4 {White is slightly better.} Nh5 10. Ne1 {[#]} Nf4 $146 ({Predecessor:} 10... Nf6 11. f4 exf4 12. Bxf4 Nbd7 13. Bg5 h6 14. Bxf6 Nxf6 15. Nd3 Bd7 16. Rf2 Qe7 17. Bf3 Rae8 {1-0 (36) Blanchard,S (1580)-Catherine,P (1530) Ploermel 2007}) 11. Nd3 Nxe2+ 12. Qxe2 f5 13. f3 f4 14. c5 g5 15. h3 h5 16. cxd6 cxd6 17. Nf2 Nd7 18. b3 Rf6 19. Ba3 Rg6 ({Better is} 19... a6 $15) 20. Rac1 (20. Nb5 $1 $11 {was the only way to keep the balance.}) 20... a6 21. Rfd1 (21. Qc2 $17 {only move.}) 21... Nf6 $19 22. Rd3 g4 {[#] ...gxh3 is the strong threat.} 23. hxg4 (23. Kh1 $142) 23... hxg4 24. fxg4 Nxg4 ({Less strong is} 24... Bxg4 25. Nxg4 Nxg4 26. Nd1 $17) 25. Nxg4 $2 (25. Ncd1) 25... Bxg4 26. Qf2 Bf6 27. Na4 Bh4 28. Qb6 Qg5 {[#] ( -> ...Be2!)} 29. Qxb7 Rf8 30. Rc2 Bg3 {Weighted Error Value: White=0.79/Black=0.07} 0-1

[Event "Speed Chess Championship 2020"]
[Site "Online"]
[Date "2020.11.02"]
[Round "1.26"]
[White "Nihal Sarin"]
[Black "Vachier-Lagrave, Maxime"]
[Result "1-0"]
[WhiteElo "2620"]
[BlackElo "2784"]
[Annotator "TA"]
[PlyCount "61"]
[EventDate "2020.10.31"]
[EventType "k.o."]

{[%evp 14,61,34,15,41,33,37,25,47,33,77,10,0,-33,-13,-24,29,-29,-20,-29,-43,-91,-108,-125,-64,-88,-4,-6,83,-42,89,85,327,323,454,430,974,965,947,705,692,704,696,696,846,822,758,652,29997,29998]} 1. Nf3 Nf6 2. c4 c5 3. Nc3 Nc6 4. d4 cxd4 5. Nxd4 e6 6. g3 Bc5 7. Nb3 Bb4 8. Bg2 O-O {A33: Symmetrical English: 2 Nf3 Nf6 3 d4 cxd4 4 Nxd4 e6 5 Nc3 Nc6.} 9. O-O Bxc3 10. bxc3 Qe7 {White has an edge.} 11. a4 {Strongly threatening Ba3.} Rd8 12. Ba3 ({White should try} 12. c5 $16) 12... d6 $11 13. Nd4 {[#]} Na5 $146 ({Predecessor:} 13... Ne5 14. Qb3 Qc7 15. c5 d5 16. Nb5 Qc6 17. Nd6 b6 18. Qb5 bxc5 19. Qxc5 Qxc5 20. Bxc5 {1-0 (62) Khozhanov,K (1919)-Lushnikov,E (2045) Kaluga 2012}) 14. Qd3 e5 (14... Nd7 $142) 15. Nb5 (15. Bb4 $142 $1 e4 16. Bxe4 Qxe4 17. Bxa5) 15... e4 $1 {[%cal Re4d3]} 16. Bxd6 Qe6 17. Qc2 {Bc7 is the strong threat.} Rxd6 18. Nc7 {[%mdl 64] Double Attack} Qe7 (18... Qxc4 $17 19. Nxa8 Be6) 19. Nxa8 $15 Nxc4 (19... Be6 $17 20. Rad1 (20. Bxe4 Rd8 $17) 20... Rd8) 20. Rad1 $11 Rc6 (20... Be6 $11) 21. Rd4 ({Better is} 21. Qb1 $16) 21... Bf5 (21... Be6 $1 $15 {stays ahead.}) 22. Qb3 {Hoping for Qxb7!} Ne5 $2 {[#] This move loses the game for Black.} (22... Nd6 $16) 23. Qxb7 $1 $18 {[%mdl 512]} Qf8 (23... Kf8 $142 24. Qxe7+ Kxe7) (23... Qxb7 24. Rd8+) 24. Rfd1 Rxc3 {[#]} (24... Rc8 $142 25. Nc7 (25. Bxe4 Nxe4 26. Qxc8 Bxc8 $15) 25... g6) 25. Rd8 $1 Ne8 26. Qb5 Nc6 27. Qxf5 Nxd8 28. Rxd8 Rc1+ 29. Bf1 Qe7 30. Rd7 Qb4 31. Qxf7+ {[%mdl 64] Double Attack. Av CentiPawn Loss W=-36/B=-107. Weighted=-35/-104} 1-0

[Event "Speed Chess Championship 2020"]
[Site "Online"]
[Date "2020.11.04"]
[Round "1.27"]
[White "Carlsen, Magnus"]
[Black "Maghsoodloo, Parham"]
[Result "1-0"]
[WhiteElo "2862"]
[BlackElo "2676"]
[Annotator "TA"]
[PlyCount "63"]
[EventDate "2020.10.31"]
[EventType "k.o."]
[SourceTitle "playchess.com"]
[Source "ChessBase"]
[SourceQuality "1"]

{[%evp 9,63,36,37,46,42,42,54,47,81,21,125,137,143,128,172,164,162,163,205,167,332,314,331,326,320,297,567,558,615,581,922,911,1041,773,836,793,759,707,712,570,570,537,567,550,611,631,1737,1442,29987,1726,5895,1493,29989,29977,29990,29991]} 1. e4 c5 2. a3 b6 3. Nf3 Bb7 4. Nc3 {[#]} d6 $146 ({Predecessor:} 4... e6 5. d4 cxd4 6. Nxd4 a6 7. Bd3 d6 8. O-O Nd7 9. Qe2 Ngf6 10. Kh1 Be7 {0-1 (27) Ziolkowski,D (2245)-Antoniewski,R (2512) Wysowa 2007}) 5. d4 cxd4 6. Nxd4 {B20: Sicilian: Unusual White 2nd moves.} Nd7 7. g4 g6 8. h4 {White is slightly better.} Bg7 {[#]} 9. Be3 ({White should try} 9. h5 $1 $16) 9... a6 (9... Ngf6 $11) 10. h5 $16 Rc8 11. f3 $36 {[%mdl 2048] White is really pushing.} e6 12. Qd2 Ne7 13. O-O-O b5 14. h6 Bf6 $2 (14... Bf8 15. g5 Nc6) 15. g5 $18 Be5 16. f4 Bxd4 17. Qxd4 {[%mdl 64] Double Attack} e5 $2 (17... Rf8 18. Qxd6 Qc7 {[%mdl 64] Remove Defender}) 18. Qxd6 {Bh3 is the strong threat.} Rc6 19. Qb4 a5 20. Qxb5 Ba6 21. Qb3 Bxf1 22. Rhxf1 O-O 23. f5 Qc7 24. fxg6 Nxg6 25. Nd5 Qc8 26. Kb1 Rc4 27. Qb5 Rxc2 {[#]} 28. Qxd7 $1 {[%mdl 512]} Qc4 (28... Qxd7 29. Nf6+) 29. Nf6+ (29. Rc1 $142 Qe2 30. Rxc2 Qxf1+ 31. Ka2 Qa6 32. Nf6+ Kh8 33. Bc5 Rb8 34. Qxf7) 29... Kh8 30. Qd3 Rxb2+ 31. Kxb2 Rb8+ 32. Ka1 {Black got outplayed after the opening. Av CentiPawn Loss W=-117/B=-213. Weighted=-83/-140} 1-0

[Event "Speed Chess Championship 2020"]
[Site "Online"]
[Date "2020.11.08"]
[Round "1.27"]
[White "So, Wesley"]
[Black "Abdusattorov, Nodirbek"]
[Result "0-1"]
[WhiteElo "2816"]
[BlackElo "2662"]
[Annotator "ChessBase"]
[PlyCount "94"]
[EventDate "2020.10.31"]
[EventType "k.o."]
[SourceTitle "playchess.com"]
[Source "ChessBase"]
[SourceQuality "1"]
[TimeControl "60+1"]

1. e4 {[%emt 0:00:01]} c5 {[%emt 0:00:01]} 2. Nf3 {[%emt 0:00:00]} d6 {[%emt 0:00:00]} 3. d4 {[%emt 0:00:01]} cxd4 {[%emt 0:00:00]} 4. Nxd4 {[%emt 0:00:00]} Nf6 {[%emt 0:00:00]} 5. Nc3 {[%emt 0:00:01]} a6 {[%emt 0:00:01]} 6. Be2 {[%emt 0:00:00]} e5 {[%emt 0:00:01]} 7. Nf3 {[%emt 0:00:00]} Be7 {[%emt 0:00:01]} 8. Bg5 {[%emt 0:00:01]} Be6 {[%emt 0:00:00]} 9. Bxf6 {[%emt 0:00:01]} Bxf6 {[%emt 0:00:00]} 10. O-O {[%emt 0:00:00]} O-O {[%emt 0:00:01]} 11. Nd5 {[%emt 0:00:01]} Nd7 {[%emt 0:00:01]} 12. Bc4 {[%emt 0:00:00]} Nb6 {[%emt 0:00:01]} 13. Bb3 {[%emt 0:00:07]} Rc8 {[%emt 0:00:04]} 14. c3 {[%emt 0:00:07]} Bxd5 {[%emt 0:00:07]} 15. Bxd5 {[%emt 0:00:00]} Nxd5 {[%emt 0:00:01]} 16. Qxd5 {[%emt 0:00:02]} Qb6 {[%emt 0:00:00]} 17. Qb3 {[%emt 0:00:03]} Qxb3 {[%emt 0:00:09]} 18. axb3 {[%emt 0:00:00]} Rfd8 {[%emt 0:00:01]} 19. Rfd1 {[%emt 0:00:02]} Kf8 {[%emt 0:00:02]} 20. Ne1 {[%emt 0:00:00]} Ke7 {[%emt 0:00:03]} 21. Nc2 {[%emt 0:00:01]} Ke6 {[%emt 0:00:02]} 22. Nb4 {[%emt 0:00:02]} Bg5 {[%emt 0:00:01]} 23. Kf1 {[%emt 0:00:02]} f5 {[%emt 0:00:00]} 24. exf5+ {[%emt 0:00:01]} Kxf5 {[%emt 0:00:00]} 25. Ke2 {[%emt 0:00:01]} Ke6 {[%emt 0:00:02]} 26. Ra5 {[%emt 0:00:03]} Rc5 {[%emt 0:00:09]} 27. Rxc5 {[%emt 0:00:03]} dxc5 {[%emt 0:00:00]} 28. Nd3 {[%emt 0:00:01]} b6 {[%emt 0:00:02]} 29. f3 {[%emt 0:00:06]} a5 {[%emt 0:00:02]} 30. g3 {[%emt 0:00:05]} h5 {[%emt 0:00:02]} 31. f4 {[%emt 0:00:02]} Bf6 {[%emt 0:00:04]} 32. fxe5 {[%emt 0:00:02]} Be7 {[%emt 0:00:13]} 33. Nf4+ {[%emt 0:00:11]} Kxe5 {[%emt 0:00:00]} 34. Rxd8 {[%emt 0:00:02]} Bxd8 {[%emt 0:00:00]} 35. Nxh5 {[%emt 0:00:01]} g5 {[%emt 0:00:01]} 36. g4 {[%emt 0:00:06]} b5 {[%emt 0:00:01]} 37. Kd3 {[%emt 0:00:02]} Kd5 {[%emt 0:00:04]} 38. h3 {[%emt 0:00:02]} c4+ {[%emt 0:00:01]} 39. bxc4+ {[%emt 0:00:03]} bxc4+ {[%emt 0:00:00]} 40. Ke3 {[%emt 0:00:03]} Bb6+ {[%emt 0:00:02]} 41. Kf3 {[%emt 0:00:01]} Bd8 {[%emt 0:00:05]} 42. Ke3 {[%emt 0:00:02]} a4 {[%emt 0:00:00]} 43. Ng3 {[%emt 0:00:03]} Bc7 {[%emt 0:00:00]} 44. Ne4 {[%emt 0:00:06]} Bf4+ {[%emt 0:00:01]} 45. Kf3 {[%emt 0:00:01]} Bc1 {[%emt 0:00:01]} 46. Nf6+ {[%emt 0:00:04]} Ke6 {[%emt 0:00:02]} 47. Ne4 {[%emt 0:00:01]} Bxb2 {[%emt 0:00:00]} 0-1